| 000 | 00968nam0a22002771 4500 | ||
|---|---|---|---|
| 001 | RU\INFOCOMM_322\NLR\5000233619 | ||
| 005 | 20250613111520.0 | ||
| 035 | _a(NLR Aleph) 009589298 | ||
| 090 |
_a9240687 _c9240687 |
||
| 100 | _a20130315d1939 |||y0rusy50 ca | ||
| 101 | 0 | _aeng | |
| 102 | _aRU | ||
| 105 | _aa z ||||| | ||
| 200 | 1 |
_aThe Soviet Far East _fBy Paulina Ossipenko ... |
|
| 210 |
_a[Moscow] _cForeign languages publishing house _d[1939] |
||
| 215 |
_a46 с. _cил. _d14 см |
||
| 601 | 1 | 2 |
_a"Родина", аэроплан _bБеспосадочный перелет Москва - Дальний Восток _f1938 _2nlr_sh1 |
| 606 |
_a"Родина" _2nlr_sh1 |
||
| 607 |
_aДальне-Восточный край _jОчерки _2nlr_sh1 |
||
| 620 | _aМосква | ||
| 700 | 1 |
_aOsipenko _bP. D. _gPolina Denisovna |
|
| 801 | 1 |
_aRU _bInfocomm _c20130315 |
|
| 801 | 0 |
_aRU _bINFOCOMM _gPSBO |
|
| 852 |
_aNLR _jD8/1650 |
||
| 942 | _cBOOK | ||
| 980 | _aNB | ||